000 00399nam a2200121 4500
999 _c12254
_d12254
008 190119b ||||| |||| 00| 0 eng d
100 _934659
_aDe Vera-Ruiz, Ellalyn
245 _aChild rights advocates oppose man\datory ROTC for children/
_cEllalyn De Vera-Ruiz
260 _aPhilippines
_bManila Bulletin
_cc2018
300 _apage 2.
650 0 _934660
_aHuman rights- children.
942 _2ddc
_cPER